000 00266nam a2200121Ia 4500
008 190216s9999||||xx |||||||||||||| ||und||
100 _aBernardshaw
245 0 _aCandida
260 _bOrient Longman
_c1955
300 _a120
650 _aEnglish Drama
942 _cBK
999 _c11850
_d11850